000 00899nam a2200265 i 4500
005 20260420165718.0
008 260420t20252025my a dr 000 f may d
020 _a9786297687582
_cRM12.00
_qpaperback
040 _aPPAK
_beng
_cPPAK
_erda
082 0 4 _223
_a899.2333
090 0 0 _a899.2333
_bAIN
_dG
100 0 _aAin Maisarah,
_eauthor,
_eeditor.
245 1 0 _aPengejar Syurga /
_cThe Typewriter ; Ketua Penulis Ain Maisarah ; Editor Ain Maisarah
264 1 _aBandar Baru Nilai, Negeri Sembilan :
_bBLINK BOOK SDN BHD,
_c2025
264 4 _c©2025
300 _a120 pages :
_billustrations ;
_c19 cm
336 _atext
_2rdacontent
337 _aunmediated
_2rdamedia
338 _avolume
_2rdacarrier
650 1 0 _aYoung adult fiction, Malay
650 2 0 _aMalay fiction
650 2 4 _aMalaysian fiction (Malay)
710 2 _aThe Typewriter,
_eauthor.
942 _2ddc
_cB
999 _c203942
_d203942